000 00501nam a2200205Ia 4500
005 20240823053233.0
008 240823s9999||||xx |||||||||||||| ||und||
020 _a978-81-203-3643-2
041 _aENGLISH
082 _A624.171 Q5
100 _aDamodarasamy S R
245 0 _aBasics of Structural Dynamics and Aseismic Design
250 _a1st
260 _c2015
_b#VALUE!
500 _aYES
650 _aStuctural Dynamics
_bCivil
700 _a Kavitha S
942 _cBK
999 _c223713
_d223713